Jeppy sur les drapeaux #1 - Statistiques

Statistiques générales
  • Ce quiz a été pris 15 516 fois
  • Le résultat moyen est 13 sur 16
Statistiques - réponses
Par images Réponse % Correct
Brésil
100%
États-Unis
99%
Royaume-Uni
99%
Argentine
97%
Turquie
96%
Japon
94%
Maroc
94%
Chypre
92%
Macédoine du Nord
87%
Vatican
83%
Bhoutan
70%
Liechtenstein
68%
Paraguay
63%
Burundi
53%
Dominique
47%
Tuvalu
46%
Aucun quiz correspondant
Distribution des résultats
% des personnes avec chaque résultat
Percentile par nombre de réponses
Votre historique - résultats
Vous n’avez pas pris ce quiz